000 00336cas a2200133 a 4500
001 11365126
005 20250626105312.0
008 830819c19729999it uu m 0 b0eng c
050 0 0 _aCLASSED SEPARATELY
245 0 0 _aSubsidia biblica.
260 _aRome :
_bBiblical Institute Press,
_c1984
300 _a104p
_c24 cm
942 _2lcc
_cBK
_n0
999 _c6708
_d6708